000 01111nam a2200289 a 4500
001 58836
003 BD-RjUL
005 20211209080649.0
008 161220s2005 caua b 001 0 eng d
020 _a0821358820 (World rights except North America)
020 _a0804752427 (soft cover : North America)
020 _a0804752419 (hard cover : North America)
035 _a(BD-RjUL) 58960
040 _aDLC
_cDLC
_dDLC
_dBD-RjUL
_beng
041 _aeng
082 0 0 _a338.9805
_223
_bPRI 2005
245 0 0 _aPrivatization in Latin America :
_bmyths and reality /
_cedited by Alberto Chong and Florencio Lopez de Silanes
260 _aPalo Alto, CA :
_bStanford Economics and Finance ;
_aWashington, DC :
_bWorld Bank,
_cc2005.
300 _axix, 506 p. :
_bill. ;
_c23 cm.
490 1 _aLatin American development forum series
504 _aIncludes bibliographical references and index.
650 0 _aPrivatization
_zLatin America.
_9174933
700 1 _aChong, Alberto.
_9174934
700 1 _aLopez-de-Silanes, Florencio.
_9174935
830 0 _aLatin American development forum.
_9174937
942 _2ddc
_cBK
999 _c58836
_d58836